Mort subite : Qui est à Gryffondor ? - Statistiques

Statistiques générales
  • Ce quiz a été pris 256 fois
  • Le résultat moyen est 9 sur 13
Answers on the Grid
Answers color-coded by a green-red scale on the quiz's grid according to % correct below.
Hannah Abbot
Katie Bell
Susan Bones
Cho Chang
Olivier Dubois
Viktor Krum
Bellatrix Lestrange
Neville Londubat
Luna Lovegood
Harry Potter
Quirinus Quirrell
Ron Weasley
Severus Rogue
Ginny Weasley
Blaise Zabini
Rubeus Hagrid
Helena Serdaigle
Drago Malefoy
Igor Karkaroff
Lee Jordan
Godric Gryffondor
Hermione Granger
Gregory Goyle
Tom Jedusor
Dudley Dursley
Albus Dumbledore
Minerva McGonagall
Cedric Diggory
Pomona Chourave
Sirius Black
 
Statistiques - réponses
Réponse % Correct
Harry Potter
88%
Neville Londubat
85%
Ron Weasley
85%
Ginny Weasley
84%
Godric Gryffondor
80%
Hermione Granger
80%
Minerva McGonagall
73%
Albus Dumbledore
68%
Olivier Dubois
68%
Sirius Black
61%
Katie Bell
55%
Rubeus Hagrid
55%
Lee Jordan
44%
Aucun quiz correspondant
Distribution des résultats
% des personnes avec chaque résultat
Percentile par nombre de réponses
Votre historique - résultats
Vous n’avez pas pris ce quiz